01851nam a22002537a 4500003000400000020001800004082000800022100001500030245004300045260002400088300000800112942001200120952015200132952014000284952014000424952014000564952015200704952014000856952014000996952015201136952015201288952014001440999001701580SGT a9780074516102 bBAJ aBAJAJ N.K  aTHE PHYSICS OF WAVES AND OSCILLATIONS  bMC GRAW HILL c2018 a432 2ddccBK 00102ddc40708FSaSSSLbSSSLcTXTd2018-12-31eAHUJA BOOK g635.00iSGTUl1oBAJpPS5491r2019-11-16 00:00:00s2019-11-05w2018-12-31yBKk10393 00102ddc40708FSaSSSLbSSSLcTXTd2018-12-31eAHUJA BOOK g635.00iSGTUl0oBAJpPS5492r2018-12-31 00:00:00w2018-12-31yBKk10393 00102ddc40708FSaSSSLbSSSLcTXTd2018-12-31eAHUJA BOOK g635.00iSGTUl0oBAJpPS5493r2018-12-31 00:00:00w2018-12-31yBKk10393 00102ddc40708FSaSSSLbSSSLcTXTd2018-12-31eAHUJA BOOK g635.00iSGTUl0oBAJpPS5494r2018-12-31 00:00:00w2018-12-31yBKk10393 00102ddc40708FSaSSSLbSSSLcTXTd2018-12-31eAHUJA BOOK g635.00iSGTUl1oBAJpPS5495r2019-03-15 00:00:00s2019-03-13w2018-12-31yBKk10393 00102ddc40708FSaSSSLbSSSLcTXTd2018-12-31eAHUJA BOOK g635.00iSGTUl0oBAJpPS5496r2018-12-31 00:00:00w2018-12-31yBKk10393 00102ddc40708FSaSSSLbSSSLcTXTd2018-12-31eAHUJA BOOK g635.00iSGTUl0oBAJpPS5497r2018-12-31 00:00:00w2018-12-31yBKk10393 00102ddc40708FSaSSSLbSSSLcTXTd2018-12-31eAHUJA BOOK g635.00iSGTUl2oBAJpPS5498r2019-11-26 00:00:00s2019-11-16w2018-12-31yBKk10393 00102ddc40708FSaSSSLbSSSLcTXTd2018-12-31eAHUJA BOOK g635.00iSGTUl3oBAJpPS5499r2019-12-06 00:00:00s2019-11-22w2018-12-31yBKk10393 00102ddc40708FSaSSSLbSSSLcTXTd2018-12-31eAHUJA BOOK g635.00iSGTUl0oBAJpPS5500r2018-12-31 00:00:00w2018-12-31yBKk10393 c16431d16431